00357nam a2200097Ia 4500008004100000082002100041100001500062245003200077260002700109650012300136211119s9999||||xx |||||||||||||| ||und|| a894.812 3bTUR-P aTurgenev,  0aPithakkanmarum Puthranmarum bAuthoraNo Placec1959 aLiterature & rhetoricv Literatures of other languagesAltaic, Uralic, Hyperborean & Dravidian MalayalamxGeneral Stack